IRSG Proceedings of the 32nd Assembly, Ottawa, Canada. 10-14 Sep 1990 (Record no. 40314)
[ view plain ]
| 000 -LEADER | |
|---|---|
| fixed length control field | 00436nam a2200145Ia 4500 |
| 082 ## - DEWEY DECIMAL CLASSIFICATION NUMBER | |
| Classification number | NR:33 |
| Item number | INT |
| 245 #0 - TITLE STATEMENT | |
| Title | IRSG Proceedings of the 32nd Assembly, Ottawa, Canada. 10-14 Sep 1990 |
| 260 ## - PUBLICATION, DISTRIBUTION, ETC. (IMPRINT) | |
| Place of publication | London |
| Name of publisher | IRSG |
| 650 ## - SUBJECT ADDED ENTRY--TOPICAL TERM | |
| Topical Term | Canadian rubber industry |
| 650 ## - SUBJECT ADDED ENTRY--TOPICAL TERM | |
| Topical Term | Elastomers products |
| 650 ## - SUBJECT ADDED ENTRY--TOPICAL TERM | |
| Topical Term | Papua New guinea rubber industry |
| 650 ## - SUBJECT ADDED ENTRY--TOPICAL TERM | |
| Topical Term | Thermoplastic elastomers |
| 942 ## - ADDED ENTRY ELEMENTS (KOHA) | |
| Koha item type | Books |
| Withdrawn status | Lost status | Damaged status | Not for loan | Home library | Current library | Date acquired | Full call number | Accession Number | Koha item type |
|---|---|---|---|---|---|---|---|---|---|
| RRII Library | RRII Library | 16/12/2021 | NR:33 INT | 20616 | Books |